[Event "Lublin Gerlecka Memorial 4th"]
[Site "Lublin"]
[Date "2014.08.03"]
[Round "9"]
[White "Praszak, Michal"]
[Black "Zuk, Andrzej"]
[Result "1-0"]
[WhiteElo "2098"]
[BlackElo "2076"]
[PlyCount "81"]
[EventDate "2014.07.28"]
[EventType "tourn"]
[EventRounds "9"]
[EventCountry "POL"]
[SourceTitle "CBM 161 Extra"]
[Source "ChessBase"]
[SourceDate "2014.08.29"]
[SourceVersion "1"]
[SourceVersionDate "2014.08.29"]
[SourceQuality "1"]

1. d4 f5 2. Nf3 d6 3. b3 Nf6 4. Bb2 g6 5. g3 Bg7 6. Bg2 0-0 7. Nbd2 Nc6 8. a4 e5 9. dxe5 Ng4 10. Nc4 Ngxe5 11. Nfxe5 Nxe5 12. Qd5+ Nf7 13. Bxg7 Kxg7 14. Rd1 Qf6 15. e3 c6 16. Qa5 Qd8 17. Qc3+ Kg8 18. h4 h5 19. a5 a6 20. 0-0 d5 21. e4 fxe4 22. Nb6 Bg4 23. f3 exf3 24. Bxf3 Nd6 25. Nxa8 Bxf3 26. Rxf3 Ne4 27. Qe3 Rxf3 28. Qxf3 Qxa8 29. c4 Qa7+ 30. Kg2 Qc5 31. Rf1 Qe7 32. cxd5 cxd5 33. Rc1 Kh7 34. Rc2 Qe5 35. Qf4 Qxf4 36. gxf4 d4 37. Rc7+ Kh6 38. b4 d3 39. Rd7 d2 40. Kf3 Ng5+ 41. fxg5# 1-0

[Event "Lublin Gerlecka Memorial 4th"]
[Site "Lublin"]
[Date "2014.08.02"]
[Round "7"]
[White "Zuk, Andrzej"]
[Black "Lipski, Tadeusz"]
[Result "1/2-1/2"]
[WhiteElo "2076"]
[BlackElo "1986"]
[PlyCount "48"]
[EventDate "2014.07.28"]
[EventType "tourn"]
[EventRounds "9"]
[EventCountry "POL"]
[SourceTitle "CBM 161 Extra"]
[Source "ChessBase"]
[SourceDate "2014.08.29"]
[SourceVersion "1"]
[SourceVersionDate "2014.08.29"]
[SourceQuality "1"]

1. e4 c5 2. Nf3 g6 3. d4 cxd4 4. Nxd4 Bg7 5. c4 Nc6 6. Be3 Nf6 7. Nc3 0-0 8. Be2 b6 9. 0-0 Bb7 10. f3 e6 11. Ndb5 d5 12. cxd5 exd5 13. exd5 Ne7 14. d6 Nf5 15. Bf2 Ne8 16. Qb3 Nexd6 17. Rad1 Qe7 18. Nxd6 Nxd6 19. Qb4 Rfd8 20. Rfe1 Qf8 21. Bd3 Nf5 22. Qa4 Nd4 23. Be4 Bxe4 24. Nxe4 Ne6 1/2-1/2

[Event "Lublin Gerlecka Memorial 4th"]
[Site "Lublin"]
[Date "2014.08.02"]
[Round "8"]
[White "Zuk, Andrzej"]
[Black "Siedlanowski, Lukasz"]
[Result "0-1"]
[WhiteElo "2076"]
[BlackElo "1927"]
[PlyCount "108"]
[EventDate "2014.07.28"]
[EventType "tourn"]
[EventRounds "9"]
[EventCountry "POL"]
[SourceTitle "CBM 161 Extra"]
[Source "ChessBase"]
[SourceDate "2014.08.29"]
[SourceVersion "1"]
[SourceVersionDate "2014.08.29"]
[SourceQuality "1"]

1. e4 g6 2. d4 Bg7 3. Nc3 c6 4. Be3 d5 5. Qd2 dxe4 6. Nxe4 Nd7 7. Nc3 Nb6 8. Nf3 Be6 9. b3 h5 10. Ng5 Bf5 11. Rd1 Nf6 12. Bd3 Bxd3 13. Qxd3 Nbd5 14. Bd2 Nb4 15. Qc4 Nxc2+ 16. Kf1 0-0 17. Ne2 Na3 18. Qd3 Qd5 19. h4 a5 20. Bc1 Nb5 21. Nf4 Qxd4 22. Qxd4 Nxd4 23. Rxd4 e5 24. Rd6 exf4 25. Bxf4 Nd5 26. Bd2 a4 27. b4 Rfd8 28. Ne4 Rxd6 29. Nxd6 Bc3 30. Bxc3 Nxc3 31. a3 Rd8 32. Rh3 Rxd6 33. Rxc3 Rd2 34. Rc5 Rd5 35. Rc3 Kf8 36. Ke2 Ke7 37. g3 Kd6 38. Rc2 c5 39. bxc5+ Rxc5 40. Rb2 Kc6 41. Rb4 b5 42. Kd2 Rf5 43. f4 Rd5+ 44. Kc2 Rc5+ 45. Kd2 f6 46. Rd4 Rd5 47. Rxd5 Kxd5 48. Kd3 Kc5 49. Kc3 b4+ 50. axb4+ Kb5 51. Kb2 Kxb4 52. Ka2 a3 53. Ka1 Kc3 54. Ka2 Kd3 0-1

[Event "Lublin Gerlecka Memorial 4th"]
[Site "Lublin"]
[Date "2014.08.01"]
[Round "5"]
[White "Zuk, Andrzej"]
[Black "Pikulinski, Janusz"]
[Result "1-0"]
[WhiteElo "2076"]
[BlackElo "1824"]
[PlyCount "52"]
[EventDate "2014.07.28"]
[EventType "tourn"]
[EventRounds "9"]
[EventCountry "POL"]
[SourceTitle "CBM 161 Extra"]
[Source "ChessBase"]
[SourceDate "2014.08.29"]
[SourceVersion "1"]
[SourceVersionDate "2014.08.29"]
[SourceQuality "1"]

1. e4 e5 2. Nf3 Nc6 3. Bc4 Bc5 4. c3 d6 5. 0-0 Qf6 6. d3 Bg4 7. Nbd2 Nge7 8. h3 Be6 9. b4 Bb6 10. Bxe6 Qxe6 11. Nc4 d5 12. Ng5 Qd7 13. Nxb6 axb6 14. Qh5 Ng6 15. f4 dxe4 16. fxe5 Ncxe5 17. d4 f6 18. dxe5 fxg5 19. Bxg5 Qe6 20. Rad1 e3 21. Qf3 Rf8 22. Qxb7 Rxf1+ 23. Rxf1 Rxa2 24. Qxc7 Ra8 25. Bxe3 Nxe5 26. Bd4 Nd7 1-0

[Event "Lublin Gerlecka Memorial 4th"]
[Site "Lublin"]
[Date "2014.07.30"]
[Round "3"]
[White "Zuk, Andrzej"]
[Black "Bien, Janusz"]
[Result "1-0"]
[WhiteElo "2076"]
[BlackElo "1961"]
[PlyCount "131"]
[EventDate "2014.07.28"]
[EventType "tourn"]
[EventRounds "9"]
[EventCountry "POL"]
[SourceTitle "CBM 161 Extra"]
[Source "ChessBase"]
[SourceDate "2014.08.29"]
[SourceVersion "1"]
[SourceVersionDate "2014.08.29"]
[SourceQuality "1"]

1. e4 e6 2. d4 d5 3. Nc3 dxe4 4. Nxe4 Nd7 5. Nf3 Ngf6 6. Bg5 Be7 7. Nxf6+ Nxf6 8. Bd3 c5 9. c3 Qa5 10. Bh4 0-0 11. Qe2 cxd4 12. Nxd4 Re8 13. 0-0 e5 14. Nb3 Qc7 15. Rfe1 Bd7 16. h3 Bc6 17. Qxe5 Bd6 18. Qf5 Bd7 19. Qg5 h6 20. Qd2 Bf4 21. Qc2 g5 22. Bg3 Bxg3 23. fxg3 Qxg3 24. Qf2 Qxf2+ 25. Kxf2 Rad8 26. Nd4 Nh5 27. Rxe8+ Rxe8 28. Re1 Rxe1 29. Kxe1 Ng7 30. Be4 b6 31. Nc6 Bxc6 32. Bxc6 Ne6 33. Kd2 Kf8 34. Kd3 f5 35. Kc4 Ke7 36. Kd5 Kf6 37. Kd6 h5 38. b4 g4 39. h4 a5 40. bxa5 bxa5 41. c4 Nf4 42. c5 Ng6 43. Bd5 Nxh4 44. c6 Ng6 45. c7 Ne7 46. g3 Nc8+ 47. Kd7 Nb6+ 48. Kc6 Nc8 49. Kd7 Ne7 50. Kd6 f4 51. gxf4 h4 52. Be6 g3 53. Bh3 Nc8+ 54. Kd7 Nb6+ 55. Kd8 a4 56. c8Q Nxc8 57. Kxc8 g2 58. Bxg2 Kf5 59. a3 Kxf4 60. Bc6 Ke5 61. Bxa4 Kd6 62. Bd7 Kc5 63. Kc7 Kc4 64. Kb6 h3 65. a4 h2 66. Bc6 1-0

[Event "Lublin Gerlecka Memorial 4th"]
[Site "Lublin"]
[Date "2014.07.29"]
[Round "2"]
[White "Chwalewski, Marek"]
[Black "Zuk, Andrzej"]
[Result "0-1"]
[WhiteElo "1930"]
[BlackElo "2076"]
[PlyCount "72"]
[EventDate "2014.07.28"]
[EventType "tourn"]
[EventRounds "9"]
[EventCountry "POL"]
[SourceTitle "CBM 161 Extra"]
[Source "ChessBase"]
[SourceDate "2014.08.29"]
[SourceVersion "1"]
[SourceVersionDate "2014.08.29"]
[SourceQuality "1"]

1. Nf3 d6 2. d4 f5 3. c4 Nf6 4. g3 g6 5. Bg2 Bg7 6. Nc3 0-0 7. Bg5 Nbd7 8. Qb3 Kh8 9. Rd1 c6 10. 0-0 Qe8 11. Bxf6 Bxf6 12. d5 c5 13. Nb5 Qd8 14. Ne1 a6 15. Nc3 Ne5 16. a4 g5 17. Nd3 Qe8 18. Nxe5 Bxe5 19. e3 f4 20. exf4 gxf4 21. Ne2 Bg4 22. f3 Bd7 23. gxf4 Bxa4 24. Qe3 Bxd1 25. fxe5 Bxe2 26. Qxe2 Qh5 27. Re1 Rf5 28. exd6 exd6 29. b4 cxb4 30. Qb2+ Kg8 31. Re7 Qg5 32. Re4 Qf6 33. Qxb4 Re5 34. Qb2 Rf8 35. Qb6 Rxe4 36. fxe4 Qa1+ 0-1

[Event "POL-chT 2nd League"]
[Site "Lublin"]
[Date "2006.09.05"]
[Round "4.109"]
[White "Zuk, Andrzej"]
[Black "Sroczynski, Maciej"]
[Result "1-0"]
[WhiteElo "2072"]
[BlackElo "2192"]
[PlyCount "107"]
[EventDate "2006.09.02"]
[EventType "team-swiss"]
[EventRounds "9"]
[EventCountry "POL"]
[SourceTitle "EXT 2019"]
[Source "ChessBase"]
[SourceDate "2018.10.10"]
[SourceVersion "1"]
[SourceVersionDate "2018.10.10"]
[SourceQuality "1"]
[WhiteTeam "Lublin AZS UMCS II"]
[BlackTeam "Koscian Tecza"]
[WhiteTeamCountry "POL"]
[BlackTeamCountry "POL"]

1. e4 c5 2. Nf3 d6 3. d4 cxd4 4. Nxd4 Nf6 5. Nc3 a6 6. Bc4 e6 7. a3 Be7 8. 0-0 0-0 9. Be3 b5 10. Ba2 Bb7 11. f3 Nc6 12. Qe2 Re8 13. Rad1 Qc7 14. g4 Ne5 15. g5 Nfd7 16. f4 Nc6 17. Nxe6 fxe6 18. Bxe6+ Kh8 19. Nd5 Qd8 20. Qh5 Bxg5 21. Bxd7 Qxd7 22. fxg5 Rxe4 23. Rf7 Qg4+ 24. Qxg4 Rxg4+ 25. Kf2 Rb8 26. Bf4 Ne5 27. Bxe5 dxe5 28. Ne3 Rf4+ 29. Rxf4 exf4 30. Ng2 Be4 31. c3 f3 32. Ne1 Kg8 33. Rd4 Re8 34. Nxf3 Re6 35. Kg3 Bc6 36. Kf4 Re2 37. Rd8+ Be8 38. Nd4 Re1 39. Nf5 Rf1+ 40. Ke5 Re1+ 41. Kf4 Rf1+ 42. Ke5 Re1+ 43. Kd5 Rd1+ 44. Nd4 Kf7 45. Kc5 Rd2 46. b3 Rxh2 47. Nf3 Rf2 48. Rd3 Kf8 49. c4 Ra2 50. Kd6 bxc4 51. bxc4 Rc2 52. c5 Bb5 53. Re3 Rd2+ 54. Nxd2 1-0

[Event "POL-chT 2nd League"]
[Site "Lublin"]
[Date "2006.09.03"]
[Round "2.91"]
[White "Spicak, Krzysztof"]
[Black "Zuk, Andrzej"]
[Result "1/2-1/2"]
[WhiteElo "2112"]
[BlackElo "2072"]
[PlyCount "40"]
[EventDate "2006.09.02"]
[EventType "team-swiss"]
[EventRounds "9"]
[EventCountry "POL"]
[SourceTitle "EXT 2019"]
[Source "ChessBase"]
[SourceDate "2018.10.10"]
[SourceVersion "1"]
[SourceVersionDate "2018.10.10"]
[SourceQuality "1"]
[WhiteTeam "Milanowek UKS Jedwabnik"]
[BlackTeam "Lublin AZS UMCS II"]
[WhiteTeamCountry "POL"]
[BlackTeamCountry "POL"]

1. e4 c5 2. Nf3 d6 3. d4 cxd4 4. Nxd4 Nf6 5. Nc3 g6 6. Bc4 Bg7 7. 0-0 0-0 8. Bb3 Nc6 9. Nxc6 bxc6 10. f3 Qb6+ 11. Kh1 Ba6 12. Na4 Qc7 13. Re1 Nd7 14. Be3 c5 15. c4 Nb6 16. Nxb6 Qxb6 17. Rb1 Rab8 18. Bg5 Qc7 19. Qe2 Rfd8 20. Red1 Kf8 1/2-1/2